La novela corta en la teoría y en la creación literaria (Registro nro. 113549)

Detalles MARC
000 -LEADER
campo de control de longitud fija 00787nam a2200205 4500
001 - NÚMERO DE CONTROL
campo de control 113549
003 - IDENTIFICADOR DE NÚMERO DE CONTROL
campo de control ES-MaACL
005 - FECHA Y HORA DE LA ÚLTIMA TRANSACCIÓN
campo de control 20240509110823.0
007 - CAMPO FIJO DE DESCRIPCIÓN FÍSICA--INFORMACIÓN GENERAL
campo de control de longitud fija t|
008 - DATOS DE LONGITUD FIJA--INFORMACIÓN GENERAL
campo de control de longitud fija 061121s1972 sp r ||||1| spa d
100 1# - ENTRADA PRINCIPAL--NOMBRE DE PERSONA
Nombre de persona Pabst, Walter.
9 (RLIN) 88106
245 13 - MENCIÓN DEL TÍTULO
Título La novela corta en la teoría y en la creación literaria
Resto del título : notas para la historia de su antinomia en las literaturas románicas /
Mención de responsabilidad, etc. Walter Pabst ; versión de Rafael de la Vega.
260 ## - PUBLICACIÓN, DISTRIBUCIÓN, ETC.
Lugar de publicación, distribución, etc. Madrid :
Nombre del editor, distribuidor, etc. Gredos,
Fecha de publicación, distribución, etc. 1972.
300 ## - DESCRIPCIÓN FÍSICA
Extensión 510 p. ;
Dimensiones 21 cm.
490 1# - MENCIÓN DE SERIE
Mención de serie Biblioteca románica hispánica. Estudios y ensayos ;
Designación de volumen o secuencia 179
700 1# - ENTRADA AGREGADA--NOMBRE PERSONAL
Nombre de persona Vega, Rafael de la.
9 (RLIN) 113581
830 0# - PUNTO DE ACCESO ADICIONAL DE SERIE-TÍTULO UNIFORME
Título uniforme Biblioteca románica hispánica. II. Estudios y ensayos
Designación de volumen o secuencia 179
9 (RLIN) 178108
852 ## - LOCALIZACIÓN
Ubicación ES-MaACL
Número de control de estantería C-47907
Sublocalización o colección R.84714
Existencias
Estatus retirado Estado de pérdida Estado de daño No para préstamo Biblioteca de origen Biblioteca actual Ubicación en estantería Fecha de adquisición Fuente de adquisición Total de préstamos Signatura topográfica completa Código de barras Visto por última vez Precio de reemplazo Tipo de ítem Koha
        Biblioteca del Ateneo de Madrid Biblioteca del Ateneo de Madrid Depósito 2 17/01/2008     C-47907 1118426 23/02/2023 23/02/2023 Libro impreso